<?xml version="1.0" encoding="UTF-8"?>
<collection xmlns="http://www.loc.gov/MARC21/slim">
 <record>
  <leader>02049nam a2200217Ia 4500</leader>
  <controlfield tag="001">CTU_197097</controlfield>
  <controlfield tag="008">210402s9999    xx            000 0 und d</controlfield>
  <datafield tag="020" ind1=" " ind2=" ">
   <subfield code="c">89000</subfield>
  </datafield>
  <datafield tag="082" ind1=" " ind2=" ">
   <subfield code="a">658.812</subfield>
  </datafield>
  <datafield tag="082" ind1=" " ind2=" ">
   <subfield code="b">L748</subfield>
  </datafield>
  <datafield tag="100" ind1=" " ind2=" ">
   <subfield code="a">Lindstrom, Martin</subfield>
  </datafield>
  <datafield tag="245" ind1=" " ind2="0">
   <subfield code="a">Điều gì khiến khách hàng chi tiền</subfield>
  </datafield>
  <datafield tag="245" ind1=" " ind2="0">
   <subfield code="c">Martin Lindstrom ; Hương Lan (Dịch)</subfield>
  </datafield>
  <datafield tag="260" ind1=" " ind2=" ">
   <subfield code="a">Hà Nội</subfield>
  </datafield>
  <datafield tag="260" ind1=" " ind2=" ">
   <subfield code="b">Lao động xã hội</subfield>
  </datafield>
  <datafield tag="260" ind1=" " ind2=" ">
   <subfield code="c">2014</subfield>
  </datafield>
  <datafield tag="520" ind1=" " ind2=" ">
   <subfield code="a">Trong cuốn sách &quot;Điều gì khiến khách hàng chi tiền?&quot;, tác giả Martin Lindstrom giới thiệu những phát hiện gây chấn động từ nghiên cứu có tên là thần kinh học tiếp thị mang tính chất đột phá kéo dài trong vòng 3 năm, tiêu tốn đến 7 triệu đô-la, đây là một cuộc thử nghiệm đầu tiên nhằm đi sâu vào tìm hiểu bộ não của trên hai nghìn người tình nguyện từ khắp nơi trên thế giới.  Những kết quả đáng kinh ngạc mà tác giả thu được đã đập tan những niềm tin từ lâu đã ăn sâu cắm rễ vào tiềm thức của chúng ta, về những gì làm chúng ta bị mê hoặc và khiến chúng ta quyết định mua hàng Đầy ắp trong cuốn sách là những câu chuyện thú vị về cách chúng ta phản ứng đối với những thương hiệu được nhiều người biết đến như Marlboro, Nokia, Calvin Klein, Ford và chương trình giải trí American Idol, Mua hàng học là một hành trình vô cùng kỳ thú và hấp dẫn, đi sâu tìm hiểu trí óc của những người tiêu dùng hôm nay</subfield>
  </datafield>
  <datafield tag="650" ind1=" " ind2=" ">
   <subfield code="a">Customer relations,Quan hệ khách hàng</subfield>
  </datafield>
  <datafield tag="650" ind1=" " ind2=" ">
   <subfield code="x">Management,Quản lý</subfield>
  </datafield>
  <datafield tag="904" ind1=" " ind2=" ">
   <subfield code="i">Tuyến</subfield>
  </datafield>
  <datafield tag="980" ind1=" " ind2=" ">
   <subfield code="a">Trung tâm Học liệu Trường Đại học Cần Thơ</subfield>
  </datafield>
 </record>
</collection>
